[Event "EU-Cup 36th"]
[White "Thorn, Eric"]
[Black "Jeitz, Christian"]
[Site "Struga"]
[Round "5.6"]
[Result "1-0"]
[Date "2021.09.22"]
[WhiteElo "2292"]
[BlackElo "2231"]
[PlyCount "79"]
[EventDate "2021.09.18"]
[EventType "team-swiss"]
[EventRounds "7"]
[EventCountry "MKD"]
[SourceTitle "CBM 204 Extra"]
[Source "ChessBase"]
[SourceDate "2021.11.30"]
[SourceVersion "1"]
[SourceVersionDate "2021.11.30"]
[SourceQuality "1"]
[WhiteTeam "Stockholm CC"]
[BlackTeam "Wirtzfeld"]
[WhiteTeamCountry "SWE"]
[BlackTeamCountry "BEL"]

1. e4 c5 2. Nf3 Nc6 3. Bb5 g6 4. Bxc6 dxc6 5. d3 Bg7 6. h3 e5 7. Be3 Qe7 8. Qd2 Nf6 9. Nc3 Nd7 10. Bh6 Bxh6 11. Qxh6 f6 12. Nd2 Nf8 13. f4 exf4 14. Qxf4 Be6 15. 0-0 Nd7 16. Rae1 0-0 17. Qc7 Rab8 18. Nd5 Qf7 19. Nf4 Rfe8 20. Rf2 Nf8 21. Nxe6 Qxe6 22. Ref1 Nd7 23. Nc4 Rec8 24. Qg3 Rf8 25. Ne3 Ne5 26. Ng4 Nxg4 27. hxg4 Rbe8 28. g5 f5 29. exf5 Rxf5 30. Rxf5 gxf5 31. Qf2 Rf8 32. Qxc5 Qxa2 33. b3 Qb2 34. Kh2 Rf7 35. d4 b6 36. Qc4 Kg7 37. Re1 a5 38. Qxc6 Rf8 39. Re7+ Kg8 40. Qe6+ 1-0

[Event "Karlsruhe Grenke op"]
[White "Gkoumas, Georgios"]
[Black "Jeitz, Christian"]
[Site "Karlsruhe"]
[Round "4"]
[Result "1/2-1/2"]
[Date "2019.04.20"]
[WhiteElo "2386"]
[BlackElo "2222"]
[PlyCount "63"]
[EventDate "2019.04.18"]
[EventType "swiss"]
[EventRounds "9"]
[EventCountry "GER"]
[SourceTitle "CBM 189 Extra"]
[Source "ChessBase"]
[SourceDate "2019.05.31"]
[SourceVersion "1"]
[SourceVersionDate "2019.05.31"]
[SourceQuality "1"]

1. e4 c5 2. Nf3 Nc6 3. d4 cxd4 4. Nxd4 e6 5. Nc3 a6 6. Nxc6 bxc6 7. Bd3 d5 8. 0-0 Nf6 9. Qf3 Be7 10. Qg3 g6 11. Re1 0-0 12. Bh6 Re8 13. Rad1 Nd7 14. Na4 Bb7 15. c4 d4 16. e5 c5 17. b3 Qc7 18. f4 Bf8 19. Bxf8 Kxf8 20. h4 Bc6 21. Nb2 h5 22. Bc2 Kg7 23. Re2 a5 24. a4 Nf8 25. Nd3 Qe7 26. Rf1 Kh7 27. Qh3 Nd7 28. Kf2 Kg7 29. Ke1 Rab8 30. Rg1 Rh8 31. Kd2 Kf8 32. Rf2 1/2-1/2

[Event "Karlsruhe Grenke op"]
[White "Jeitz, Christian"]
[Black "Kurmann, Oliver"]
[Site "Karlsruhe"]
[Round "5"]
[Result "1/2-1/2"]
[Date "2019.04.20"]
[WhiteElo "2222"]
[BlackElo "2433"]
[PlyCount "149"]
[EventDate "2019.04.18"]
[EventType "swiss"]
[EventRounds "9"]
[EventCountry "GER"]
[SourceTitle "CBM 189 Extra"]
[Source "ChessBase"]
[SourceDate "2019.05.31"]
[SourceVersion "1"]
[SourceVersionDate "2019.05.31"]
[SourceQuality "1"]

1. e4 e5 2. Nf3 Nc6 3. Bb5 a6 4. Ba4 Nf6 5. 0-0 b5 6. Bb3 Bc5 7. c3 d6 8. d4 Bb6 9. h3 Bb7 10. Re1 0-0 11. a4 exd4 12. cxd4 Re8 13. Nc3 b4 14. Nd5 Nxd4 15. Nxd4 Nxd5 16. Bxd5 Bxd5 17. exd5 Rxe1+ 18. Qxe1 Bxd4 19. Qxb4 Qf6 20. Be3 Bxe3 21. fxe3 Qg5 22. Qd4 Re8 23. Rc1 Rxe3 24. Rxc7 h5 25. Rc8+ Kh7 26. Rc3 Re5 27. Rf3 Kg8 28. Qa7 Re1+ 29. Kf2 Qd2+ 30. Kg3 Qxd5 31. Qxa6 Qe5+ 32. Kf2 g6 33. Qc8+ Kg7 34. Qc7 Qe2+ 35. Kg3 Qe6 36. Qc3+ Kg8 37. a5 Re4 38. Kf2 h4 39. a6 d5 40. Rf6 Re2+ 41. Kf1 Qe4 42. Rf2 Re3 43. Qc8+ Kg7 44. Qc1 Qd3+ 45. Kg1 Qd4 46. Kf1 Rd3 47. Ke2 Qe4+ 48. Kf1 Qd4 49. Ke2 Rb3 50. Ke1 Qb4+ 51. Qd2 Rxb2 52. Qxb4 Rxb4 53. Ra2 Rb8 54. a7 Ra8 55. Kd2 Kf6 56. Kd3 Ke5 57. Ke3 f5 58. Ra4 g5 59. Ra5 g4 60. Ra4 d4+ 61. Kd3 Kf4 62. hxg4 fxg4 63. Kxd4 Kg3 64. Kc5 Rxa7 65. Rxa7 Kxg2 66. Kd4 h3 67. Ke3 h2 68. Ra2+ Kh3 69. Ra1 g3 70. Kf3 g2 71. Ra8 g1N+ 72. Kf2 Nf3 73. Rh8+ Nh4 74. Rxh4+ Kxh4 75. Kg2 1/2-1/2

[Event "Olympiad-43"]
[White "Kalezic, Blazo"]
[Black "Jeitz, Christian"]
[Site "Batumi"]
[Round "4.32"]
[Result "1-0"]
[Date "2018.09.27"]
[WhiteElo "2448"]
[BlackElo "2220"]
[PlyCount "109"]
[EventDate "2018.09.24"]
[EventType "team-swiss"]
[EventRounds "11"]
[EventCountry "GEO"]
[SourceTitle "CBM 187"]
[Source "ChessBase"]
[SourceDate "2018.12.11"]
[SourceVersion "1"]
[SourceVersionDate "2018.12.11"]
[SourceQuality "1"]
[WhiteTeam "Montenegro"]
[BlackTeam "Luxembourg"]
[WhiteTeamCountry "MNE"]
[BlackTeamCountry "LUX"]

1. e4 c5 2. Nf3 e6 3. d3 Nc6 4. g3 Nf6 5. Bg2 d5 6. Nbd2 Be7 7. 0-0 0-0 8. e5 Nd7 9. Re1 b5 10. Nf1 b4 11. h4 a5 12. N1h2 a4 13. a3 bxa3 14. bxa3 Qc7 15. Bf4 Nd4 16. Ng5 h6 17. Nh3 Bb7 18. Ng4 Nf5 19. Rb1 Bc6 20. Qd2 Kh7 21. Ne3 Nxe3 22. Qxe3 Rfb8 23. c4 d4 24. Be4+ Kg8 25. Qf3 Bxe4 26. Qxe4 Ra6 27. Rxb8+ Qxb8 28. Bc1 Rb6 29. f4 Qb7 30. Qe2 Bf8 31. Nf2 g6 32. h5 Bg7 33. Ne4 Qc6 34. hxg6 fxg6 35. Qg4 Nf8 36. Qh4 Rb3 37. Qh1 Qc7 38. Qf3 Nd7 39. Nd6 Qa5 40. Rd1 Qa6 41. Qe4 Nf8 42. g4 Qa7 43. f5 Qe7 44. f6 Bxf6 45. Nc8 Qc7 46. exf6 Qxc8 47. f7+ Kxf7 48. Rf1+ Ke7 49. Bxh6 Nd7 50. Qxg6 Rb2 51. Rf7+ Kd8 52. Bf4 e5 53. Bxe5 Rb1+ 54. Kh2 Rb2+ 55. Kh3 1-0

[Event "Zuerich op-A 40th"]
[White "Vorobiov, Evgeny E"]
[Black "Jeitz, Christian"]
[Site "Zuerich"]
[Round "1"]
[Result "1-0"]
[Date "2016.12.26"]
[WhiteElo "2583"]
[BlackElo "2190"]
[PlyCount "65"]
[EventDate "2016.12.26"]
[EventType "swiss"]
[EventRounds "7"]
[EventCountry "SUI"]
[SourceTitle "CBM 176 Extra"]
[Source "ChessBase"]
[SourceDate "2017.03.02"]
[SourceVersion "1"]
[SourceVersionDate "2017.03.02"]
[SourceQuality "1"]

1. d4 Nf6 2. c4 g6 3. Nc3 d5 4. cxd5 Nxd5 5. e4 Nxc3 6. bxc3 Bg7 7. Qa4+ Qd7 8. Qa3 b6 9. Nf3 Bb7 10. Bd3 0-0 11. Bg5 Re8 12. Rd1 Qg4 13. h3 Qc8 14. 0-0 e6 15. Qc1 c5 16. Qf4 Nd7 17. Qh4 Ba6 18. Bh6 Bxd3 19. Rxd3 Qa6 20. Re3 cxd4 21. cxd4 f6 22. e5 Rac8 23. Bxg7 Kxg7 24. exf6+ Nxf6 25. Ng5 Qxa2 26. Rfe1 Rc6 27. Rf3 Qd5 28. Rxf6 Kxf6 29. Nxe6+ g5 30. Qh6+ Ke7 31. Nc7+ Kd8 32. Rxe8+ Kxc7 33. Qxh7+ 1-0

[Event "Barcelona Sants op-A18th"]
[White "Jeitz, Christian"]
[Black "Vidal Zamora, Alex"]
[Site "Barcelona"]
[Round "6"]
[Result "1/2-1/2"]
[Date "2016.08.24"]
[WhiteElo "2173"]
[BlackElo "2291"]
[PlyCount "47"]
[EventDate "2016.08.19"]
[EventType "swiss"]
[EventRounds "10"]
[EventCountry "ESP"]
[SourceTitle "CBM 174 Extra"]
[Source "ChessBase"]
[SourceDate "2016.10.10"]
[SourceVersion "1"]
[SourceVersionDate "2016.10.10"]
[SourceQuality "1"]

1. e4 c5 2. Nf3 d6 3. Bb5+ Nd7 4. d4 Ngf6 5. Nc3 cxd4 6. Qxd4 e5 7. Qd3 h6 8. 0-0 Be7 9. a4 0-0 10. Be3 Qc7 11. Nd2 Nc5 12. Qe2 Be6 13. Bc4 Rfd8 14. Nd5 Nxd5 15. Bxd5 Bxd5 16. exd5 Nd7 17. c4 a5 18. f4 Rf8 19. f5 Bg5 20. b3 Bxe3+ 21. Qxe3 Qc5 22. Rf3 Qxe3+ 23. Rxe3 Nc5 24. Rf1 1/2-1/2

[Event "Hoogeveen Unive op 19th"]
[White "Jeitz, Christian"]
[Black "Valdes Romero, Leonardo"]
[Site "Hoogeveen"]
[Round "6"]
[Result "1/2-1/2"]
[Date "2015.10.21"]
[WhiteElo "2198"]
[BlackElo "2362"]
[PlyCount "43"]
[EventDate "2015.10.17"]
[EventType "swiss"]
[EventRounds "9"]
[EventCountry "NED"]
[SourceTitle "EXT 2017"]
[Source "ChessBase"]
[SourceDate "2016.10.25"]
[SourceVersion "1"]
[SourceVersionDate "2016.10.25"]
[SourceQuality "1"]

1. e4 d6 2. d4 Nf6 3. Nc3 g6 4. Be3 Bg7 5. Qd2 c6 6. Bh6 Bxh6 7. Qxh6 Qa5 8. Bd3 c5 9. dxc5 Qxc5 10. Qd2 Nc6 11. Nge2 Bd7 12. 0-0 Ne5 13. Rfe1 0-0 14. Nf4 Bc6 15. Bf1 b5 16. Ncd5 Bxd5 17. Nxd5 Nxd5 18. exd5 f5 19. b4 Qb6 20. a4 bxa4 21. Rxa4 Rfc8 22. h3 1/2-1/2

[Event "Hoogeveen Unive op 19th"]
[White "Hilwerda, Jonas"]
[Black "Jeitz, Christian"]
[Site "Hoogeveen"]
[Round "5"]
[Result "0-1"]
[Date "2015.10.20"]
[WhiteElo "1954"]
[BlackElo "2198"]
[PlyCount "42"]
[EventDate "2015.10.17"]
[EventType "swiss"]
[EventRounds "9"]
[EventCountry "NED"]
[SourceTitle "EXT 2017"]
[Source "ChessBase"]
[SourceDate "2016.10.25"]
[SourceVersion "1"]
[SourceVersionDate "2016.10.25"]
[SourceQuality "1"]

1. e4 c5 2. Nf3 Nc6 3. d4 cxd4 4. Nxd4 e6 5. Nc3 a6 6. Nxc6 bxc6 7. Bd3 d5 8. 0-0 Nf6 9. Re1 Be7 10. e5 Nd7 11. Qg4 g6 12. Bh6 Rb8 13. Qh3 Bf8 14. Bxf8 Kxf8 15. Qh6+ Kg8 16. b3 Qf8 17. Qg5 Kg7 18. f4 Qc5+ 19. Kh1 Qxc3 20. f5 exf5 21. e6 f6 0-1

[Event "Pardubice op rap 25th"]
[White "Zpevakova, Jana"]
[Black "Jeitz, Christian"]
[Site "Pardubice"]
[Round "9"]
[Result "1/2-1/2"]
[Date "2014.07.17"]
[WhiteElo "2016"]
[BlackElo "2189"]
[PlyCount "85"]
[EventDate "2014.07.16"]
[EventType "swiss (rapid)"]
[EventRounds "9"]
[EventCountry "CZE"]
[SourceTitle "EXT 2015"]
[Source "ChessBase"]
[SourceDate "2014.11.20"]
[SourceVersion "1"]
[SourceVersionDate "2014.11.20"]
[SourceQuality "1"]

1. d4 Nf6 2. c4 g6 3. Nc3 d5 4. cxd5 Nxd5 5. Bd2 Bg7 6. Nf3 0-0 7. Rc1 Nc6 8. e4 Nxc3 9. bxc3 e5 10. Be3 Bg4 11. d5 Ne7 12. Be2 c6 13. c4 cxd5 14. exd5 b6 15. 0-0 Nf5 16. Bd2 Bxf3 17. Bxf3 Nd6 18. Bb4 Re8 19. Qd2 Rc8 20. c5 bxc5 21. Bxc5 Qd7 22. Qb4 Bf8 23. Bd1 Rb8 24. Qa4 Qb7 25. Bb3 Nb5 26. Rfd1 Rbc8 27. Be3 a6 28. Qg4 Red8 29. Bg5 Rxc1 30. Bxd8 Rxd1+ 31. Qxd1 Nd4 32. Bf6 Nxb3 33. Qxb3 Qc7 34. Qb2 Bg7 35. Bxg7 Kxg7 36. g3 f6 37. Qa3 Qb7 38. Qd6 Qb1+ 39. Kg2 Qe4+ 40. Kf1 Qd3+ 41. Kg2 Qc3 42. Kg1 Qa3 43. Qxa3 1/2-1/2